<?xml version="1.0" encoding="UTF-8"?>
<record
    xmlns:xsi="http://www.w3.org/2001/XMLSchema-instance"
    xsi:schemaLocation="http://www.loc.gov/MARC21/slim http://www.loc.gov/standards/marcxml/schema/MARC21slim.xsd"
    xmlns="http://www.loc.gov/MARC21/slim">

  <leader>00731nam a22002057a 4500</leader>
  <controlfield tag="003">0</controlfield>
  <controlfield tag="005">20240809144144.0</controlfield>
  <controlfield tag="008">240809b        xxu||||| |||| 00| 0 eng d</controlfield>
  <datafield tag="020" ind1=" " ind2=" ">
    <subfield code="a">978-1-5297-9125-9</subfield>
  </datafield>
  <datafield tag="050" ind1=" " ind2=" ">
    <subfield code="a">RT 73 </subfield>
    <subfield code="b">.St73 2023</subfield>
  </datafield>
  <datafield tag="100" ind1=" " ind2=" ">
    <subfield code="a">Standing, Mooi</subfield>
  </datafield>
  <datafield tag="245" ind1=" " ind2=" ">
    <subfield code="a">Clinical judgement and decision making in nursing</subfield>
    <subfield code="c"> Mooi Standing</subfield>
  </datafield>
  <datafield tag="260" ind1=" " ind2=" ">
    <subfield code="a">London</subfield>
    <subfield code="b">Learning Matters , A Sage Publishing Company</subfield>
    <subfield code="c">2023</subfield>
  </datafield>
  <datafield tag="300" ind1=" " ind2=" ">
    <subfield code="a">x, 265 pages :</subfield>
    <subfield code="b">black and white illustrations ; </subfield>
    <subfield code="c">25cm. </subfield>
  </datafield>
  <datafield tag="504" ind1=" " ind2=" ">
    <subfield code="a">Includes bibliographical references, glossary, and index. </subfield>
  </datafield>
  <datafield tag="650" ind1=" " ind2=" ">
    <subfield code="a">Nursing students--decision making. </subfield>
  </datafield>
  <datafield tag="650" ind1=" " ind2=" ">
    <subfield code="a">Clinical medicince--decion making. </subfield>
  </datafield>
  <datafield tag="650" ind1=" " ind2=" ">
    <subfield code="a">Study &amp; teaching(graduate). </subfield>
  </datafield>
  <datafield tag="942" ind1=" " ind2=" ">
    <subfield code="2">lcc</subfield>
    <subfield code="c">BK</subfield>
  </datafield>
  <datafield tag="999" ind1=" " ind2=" ">
    <subfield code="c">366075</subfield>
    <subfield code="d">366075</subfield>
  </datafield>
  <datafield tag="952" ind1=" " ind2=" ">
    <subfield code="0">0</subfield>
    <subfield code="1">0</subfield>
    <subfield code="2">lcc</subfield>
    <subfield code="4">0</subfield>
    <subfield code="a">CL</subfield>
    <subfield code="b">CL</subfield>
    <subfield code="c">RES</subfield>
    <subfield code="d">2024-08-09</subfield>
    <subfield code="e">Library Fund</subfield>
    <subfield code="k">RES</subfield>
    <subfield code="l">0</subfield>
    <subfield code="o">RT 73  .St73 2023</subfield>
    <subfield code="p">C23520</subfield>
    <subfield code="r">2024-08-09 00:00:00</subfield>
    <subfield code="w">2024-08-09</subfield>
    <subfield code="y">BK</subfield>
  </datafield>
</record>
